000 00491nam a2200157 4500
001 132644
003 ES-MaACL
005 20230906194223.0
007 t|
008 070214s1943 it r ||||1| ita d
100 1 _aRomano di Falco, Eurico.
_999260
245 1 0 _aProcesso penale e azioni civili e amministrativa
_b: secondo i nuovi codici /
_cEurico Romano di Falco.
260 _aMilano :
_bA. Giuffré,
_c1943.
300 _aXV, 141 p. ;
_c22 cm.
852 _aES-MaACL
_jC-5521
_bR.25787
999 _c132644
_d132644